| 000 | 01116nam a2200253Ia 4500 | ||
|---|---|---|---|
| 003 | Ost | ||
| 005 | 20260507075417.0 | ||
| 008 | 260507s9999||||xx |||||||||||||| ||und|| | ||
| 020 | _a9789957563011 | ||
| 040 | _cfsecg | ||
| 041 | _aara | ||
| 082 | _a330 | ||
| 100 |
_aعبد الهادي، سامر علي _eمؤلف |
||
| 245 | 0 |
_aالتمويل الخارجي وأثره على الفجوات الإقتصادية / _c سامر علي عبد الهادي |
|
| 260 |
_aعمان: _bدار الاأيام, _c2015 |
||
| 300 |
_a216 صفحة؛ _bإيضاحات ؛ _c24 سم |
||
| 504 | _aالمراجع ص.179 | ||
| 520 | _aالاطار العام للدراسة يضم الاطار النظري لدراسة التمويل الخارجي في الأردن والتحليل القياسي لأثر التمويل الخارجي على الفجوات الاقتصادية في الأردن و صولا الى النتائج والتوصيات. | ||
| 653 | _aالتمويل | ||
| 653 | _aالتمويل الدولي | ||
| 653 | _aالتمويل- الأردن | ||
| 653 | _aالقروض | ||
| 942 | _cكتاب | ||
| 999 |
_c44451 _d44451 |
||